000 01410nam a2200289Ia 4500
003 OSt
005 20200924150710.0
008 191128s2015 ck ao gr 000 0 spa d
020 _a9789587667981
040 _aCO-JMCR
_cCO-JMCR
041 0 _aspa
082 0 4 _a591.03 /
_bB364e
_223
100 1 _aDe la Bédoyére, Camilla,
_eautora
_910810
245 1 0 _aEnciclopedia de animales para niños /
_cCamilla de la Bédoyère ; traducción: Juan Carlos Rico
260 _aBogotá :
_bPanamericana,
_c2015.
300 _a256 páginas :
_bilustraciones y fotografías en color ;
_c28 cm.
500 _aSubtítulo en la cubierta : una mirada completa al mundo de los animales con cientos de magníficas ilustraciones
505 0 _aMamíferos -- Aves -- Reptiles -- Anfibios -- Peces -- Insectos, arañas y otros invertebrados
520 0 _a"Una nueva enciclopedia del sorprendente mundo de los animales: más de 1000 imágenes a todo color; hermosas ilustraciones de quien es quien en el mundo animal; mamíferos, aves, reptiles, anfibios, peces, insectos, arañas y otros invertebrados. Incluye des
534 _pChildren´s Animal Enciclopedia
546 _aTraducido del inglés
650 2 4 _aAnimales
_xHábitos y conducta
_910811
650 2 4 _aEnciclopedias
_xMamíferos
_910812
650 2 4 _aEnciclopedias
_xInvertebrados
_910813
700 1 _aRico, Juan Carlos,
_etraductor
_910814
942 _2ddc
_cBK
999 _c3345
_d3345